AZ EGÉSZSÉGES ÉLETMÓD HATÁSA EGY ÉDESIPARI VÁLLALKOZÁS ÉLETÉRE

Bibliographic Details
Main Author: Ivánkovics Krisztina
Other Authors: Korom Dr. Erik
Format: Thesis
Kulcsszavak:PEZ Production Europe Kft.
Egészséges életmód
Előállítási önköltség
Online Access:http://dolgozattar.uni-bge.hu/12171

MARC

LEADER 00000nta a2200000 i 4500
001 dolg12171
005 20170518113619.0
008 170518suuuu hu om 000 hun d
040 |a BGE Dolgozattár Repozitórium  |b hun 
041 |a hu 
100 1 |a Ivánkovics Krisztina 
245 1 3 |a AZ EGÉSZSÉGES ÉLETMÓD HATÁSA EGY ÉDESIPARI VÁLLALKOZÁS ÉLETÉRE  |c Ivánkovics Krisztina  |h [elektronikus dokumentum] 
695 |a PEZ Production Europe Kft. 
695 |a Egészséges életmód 
695 |a Előállítási önköltség 
700 1 |a Korom Dr. Erik  |e ths 
856 4 0 |u http://dolgozattar.uni-bge.hu/12171/1/Szakdolgozat_%20Iv%C3%A1nkovics%20Krisztina_QVVLGP.pdf  |z Dokumentum-elérés 
856 4 0 |u http://dolgozattar.uni-bge.hu/12171/2/Titkos%C3%ADt%C3%A1si%20k%C3%A9relem.pdf  |z Dokumentum-elérés